[Event "It (open) \"]
[Site "masterchessopen.com Medellin (Colombia)"]
[Date "2008.08.09"]
[Round "6"]
[White "Castano Julian Marcelo (COL)"]
[Black "Saladen Rafael (COL)"]
[Result "0-1"]
[WhiteElo "2075"]
[BlackElo "2187"]

1.d4 Nf6 2.Nf3 g6 3.g3 Bg7 4.Bg2 O-O 5.O-O d5 6.c4 dxc4 7.Na3 Be6 8.Ne5 c6
9.Naxc4 Nfd7 10.e4 Nxe5 11.Nxe5 Nd7 12.Nf3 Bc4 13.Re1 e5 14.b3 Be6 15.Bb2 Qa5
16.dxe5 Rad8 17.Qc2 Bg4 18.e6 fxe6 19.Bxg7 Kxg7 20.Re3 Bxf3 21.Rxf3 Rxf3
22.Bxf3 Ne5 23.Bg2 Rd2 24.Qc1 Rxf2 25.b4 Qxb4 26.Rb1 Qd4 27.Rxb7+ Rf7+ {#R}
0-1

[Event "Tournament (Elo)"]
[Site "masterchessopen.com Rio de Janeiro (Brazil)"]
[Date "2008.08.16"]
[Round "1"]
[White "Chaves Jorge Antonio (BRA)"]
[Black "Rios Filho Hilton Carlos (BRA)"]
[Result "1-0"]
[WhiteElo "2053"]
[BlackElo "2228"]

1.d4 Nf6 2.Nf3 g6 3.g3 Bg7 4.Bg2 O-O 5.O-O d5 6.c4 dxc4 7.Nbd2 b5 8.a4 c6
9.axb5 cxb5 10.Ne5 Nd5 11.Ndf3 Bb7 12.Bd2 Nc6 13.Nxc6 Bxc6 14.e4 Nf6 15.Ba5
Qc8 16.d5 Bb7 17.Nd4 a6 18.Bb4 Re8 19.h3 Nd7 20.f4 Nc5 21.e5 Nd3 22.Qd2 Qc7
23.Kh2 h5 24.h4 Qb6 25.Nc6 e6 26.Ba5 Qc5 27.b4 Qf8 28.d6 Bxc6 29.Bxc6 Ra7
30.Qe3 Raa8 31.Bxa8 Rxa8 32.Qd4 {#r} 1-0

[Event "It (open)"]
[Site "masterchessopen.com Anapa (Russia)"]
[Date "2008.09.05"]
[Round "6"]
[White "Azarov Vladimir (RUS)"]
[Black "Karamanov Dmitry (RUS)"]
[Result "1-0"]
[WhiteElo "2080"]
[BlackElo "2199"]

1.Nf3 Nf6 2.g3 g6 3.Bg2 Bg7 4.d4 d5 5.O-O O-O 6.c4 dxc4 7.Qa4 Nc6 8.Rd1 Rb8
9.Nc3 Nd7 10.Qxc4 Nb6 11.Qb3 Bf5 12.Bf4 Na5 13.Qb4 Nac4 14.Rac1 Nd6 15.e4 Bg4
16.h3 Bxf3 17.Bxf3 Qd7 18.e5 Nf5 19.d5 e6 20.Nb5 Nxd5 21.Bxd5 exd5 22.Nxc7 Ne7
23.Qd6 Rfd8 24.Nxd5 Nxd5 25.Rxd5 Qxd6 26.exd6 Rd7 27.Rc7 Rbd8 28.Rdc5 Bxb2
29.Rb5 Bd4 30.Rbxb7 Rxd6 31.Bxd6 Rxd6 32.Rxf7 Bb6 33.Rg7+ {#r} 1-0

[Event "It (open)"]
[Site "masterchessopen.com Bjelovar (Croatia)"]
[Date "2008.09.18"]
[Round "2"]
[White "Buhin Denis (CRO)"]
[Black "Kukovec Stjepan (CRO)"]
[Result "1-0"]
[WhiteElo "1878"]
[BlackElo "1912"]

1.Nf3 Nf6 2.c4 g6 3.g3 d5 4.d4 Bg7 5.Bg2 O-O 6.O-O dxc4 7.Ne5 c6 8.Nxc4 Nbd7
9.e4 b5 10.Ne3 e6 11.Qc2 Bb7 12.Nc3 Nb6 13.Rd1 b4 14.Ne2 Rc8 15.Qc5 Qc7 16.Nc2
Rfd8 17.Bf4 Qd7 18.Nxb4 Bf8 19.Qc3 Bxb4 20.Qxb4 c5 21.dxc5 Qxd1+ 22.Rxd1 Rxd1+
23.Bf1 Ba6 24.Kg2 Nbd7 25.Qa4 Bxe2 26.Bxe2 Re1 27.c6 Nc5 28.Qxa7 Rxe2 29.Qxc5
Nxe4 30.Qe7 Rxf2+ 31.Kh3 Rxb2 32.c7 Nf2+ 33.Kh4 Rf8 34.Bh6 Ra8 35.Qd8+ {#r}
1-0

[Event "Ch Schleswig Holstein (seniors) (open)"]
[Site "masterchessopen.com Eckernforde (Germany)"]
[Date "2008.10.02"]
[Round "7"]
[White "Lomer Edmund (GER)"]
[Black "Gehrmann Dorit (GER)"]
[Result "1-0"]
[WhiteElo "2076"]
[BlackElo "1964"]

1.Nf3 Nf6 2.g3 g6 3.Bg2 Bg7 4.d4 d5 5.O-O O-O 6.c4 dxc4 7.Na3 c3 8.bxc3 c5
9.Nc4 Nc6 10.Rb1 Nd5 11.Rb3 cxd4 12.cxd4 Na5 13.Nxa5 Qxa5 14.Qc2 Nb6 15.Bd2
Qa4 16.Qb1 Bf5 17.e4 Be6 18.d5 Bg4 19.Rb4 Qd7 20.Be3 f5 21.Bxb6 fxe4 22.Ng5
axb6 23.Bxe4 h6 24.Ne6 Bxe6 25.dxe6 Qxe6 26.Rxb6 Qxa2 27.Qxa2+ {#r} 1-0

[Event "Ch Croatia (team) (2nd league)"]
[Site "masterchessopen.com Zagreb (Croatia)"]
[Date "2008.10.26"]
[Round "9"]
[White "Balenovic Zvonimir (CRO)"]
[Black "Dugandzic Boris (CRO)"]
[Result "0-1"]
[WhiteElo "2271"]
[BlackElo "2224"]

1.Nf3 Nf6 2.g3 g6 3.Bg2 Bg7 4.O-O O-O 5.d4 d5 6.c4 dxc4 7.Na3 Nc6 8.Nxc4 Be6
9.Qd3 Bd5 10.Rd1 a5 11.a3 a4 12.Bg5 Ne4 13.Bf4 Nd6 14.Bxd6 cxd6 15.e4 Bxc4
16.Qxc4 Qb6 17.d5 Na5 18.Qb4 Qxb4 19.axb4 Nc4 20.Ra2 Nxb2 21.Rb1 Nc4 22.b5
Rfc8 23.Bf1 Nb6 24.Ne1 Rc3 25.Kg2 Rac8 26.Be2 Rb3 27.Rd1 Rb2 28.Rd2 a3 29.Nd3
Rxd2 30.Rxd2 Na4 31.Nb4 Rc5 32.Na2 Bb2 33.Bd3 Nc3 34.Nb4 Nxb5 35.f4 Bc3 {#R}
0-1

[Event "Czech League 2008/09 (krajsky prebor)"]
[Site "masterchessopen.com Czech Republic"]
[Date "2008.11.16"]
[Round "3"]
[White "Varejcko Josef (CZE)"]
[Black "Cerha Michal (CZE)"]
[Result "1-0"]
[WhiteElo "2218"]
[BlackElo "2129"]

1.d4 d5 2.Nf3 Nf6 3.g3 g6 4.Bg2 Bg7 5.O-O O-O 6.c4 dxc4 7.Na3 c6 8.Nxc4 Na6
9.b3 Be6 10.Ng5 Nc7 11.Nxe6 Nxe6 12.Bb2 Nc7 13.Qd2 Qc8 14.e4 Rd8 15.Qb4 Ne6
16.Rad1 Qc7 17.d5 c5 18.Qe1 Nd4 19.Bxd4 cxd4 20.Rxd4 e6 21.Rd2 exd5 22.exd5
Qc5 23.Qe3 Rac8 24.Qxc5 Rxc5 25.d6 Bf8 26.Bxb7 {#r} 1-0

[Event "It \"]
[Site "masterchessopen.com Peterhof (Russia)"]
[Date "2009.01.04"]
[Round "2"]
[White "Utkin Alexander (RUS)"]
[Black "Potapova Maria (RUS)"]
[Result "1-0"]
[WhiteElo "2160"]
[BlackElo "1837"]

1.d4 Nf6 2.Nf3 g6 3.g3 d5 4.Bg2 Bg7 5.O-O O-O 6.c4 dxc4 7.Na3 Nc6 8.Nxc4 Be6
9.b3 Bd5 10.Bb2 a5 11.a4 Nb4 12.e3 Be4 13.Ne1 Bxg2 14.Kxg2 Qd5+ 15.Qf3 Qxf3+
16.Nxf3 Nd3 17.Ba3 Nd5 18.Rfd1 N5b4 19.Rab1 Rfd8 20.Rd2 c5 21.Rbd1 cxd4
22.exd4 Bh6 23.Rxd3 Nxd3 24.Rxd3 Re8 25.Bc5 b5 26.axb5 a4 27.bxa4 Rxa4 28.Ne3
Ra5 29.Rb3 Rb8 30.b6 Ra2 31.Nd5 e6 32.Ne7+ Kg7 33.b7 Ra6 34.Ne5 {#r} 1-0

[Event "Memorial Bela Perenyi (open)"]
[Site "masterchessopen.com Budapest (Hungary)"]
[Date "2009.01.09"]
[Round "2"]
[White "Paksi Gyula (HUN)"]
[Black "Kislik Erik Andrew (USA)"]
[Result "0-1"]
[WhiteElo "2003"]
[BlackElo "2342"]

1.d4 Nf6 2.Nf3 g6 3.g3 Bg7 4.Bg2 O-O 5.O-O d5 6.c4 dxc4 7.Na3 c3 8.bxc3 c5
9.Nc4 Nc6 10.Nce5 Nd5 11.Nxc6 bxc6 12.Qd3 a5 13.Ba3 Ba6 14.Qc2 cxd4 15.cxd4
Nb4 16.Bxb4 axb4 17.Rab1 Qd6 18.Rfc1 Bb5 19.e3 Ra3 20.Qd2 Ra4 21.Rc5 Rfa8
22.Rxb4 Rxa2 23.Rb2 Rxb2 {#R} 0-1

[Event "Ch Paranaense"]
[Site "masterchessopen.com Paranavai (Brazil)"]
[Date "2009.02.01"]
[Round "9"]
[White "Choma Ernani Francisco (BRA)"]
[Black "Utiyama Marcel Heimar Ribeiro (BRA)"]
[Result "1-0"]
[WhiteElo "2298"]
[BlackElo "2146"]

1.c4 Nf6 2.g3 g6 3.Bg2 d5 4.Nf3 Bg7 5.O-O O-O 6.d4 dxc4 7.Na3 Nc6 8.Nxc4 Be6
9.b3 a5 10.a4 Bd5 11.e3 Nb4 12.Ba3 Be4 13.Nxa5 Nc2 14.Nxb7 Qd5 15.Nc5 Nxa1
16.Nxe4 Nxe4 17.Nd2 f5 18.Qxa1 Qe6 19.Nxe4 fxe4 20.Qb1 Rab8 21.b4 Bxd4 22.exd4
e3 23.Qe4 exf2+ 24.Rxf2 Qxe4 25.Rxf8+ Kxf8 26.Bxe4 {#r} 1-0

[Event "Tournament (open)"]
[Site "masterchessopen.com Barcelona (Spain)"]
[Date "2009.06.09"]
[Round "8"]
[White "Vallbona Domingo Joan (ESP)"]
[Black "Garcia Gil Javier (ESP)"]
[Result "0-1"]
[WhiteElo "2025"]
[BlackElo "2203"]

1.d4 Nf6 2.c4 g6 3.g3 Bg7 4.Nf3 O-O 5.Bg2 d5 6.O-O dxc4 7.Ne5 c5 8.dxc5 Qc7
9.Nxc4 Qxc5 10.Qc2 Nc6 11.Be3 Qh5 12.Nbd2 Ng4 13.Nf3 Be6 14.h3 Nxe3 15.Nxe3
Bxh3 16.Rfd1 Be6 17.Qe4 Rfd8 18.g4 Qb5 19.a4 Qb4 20.Ng5 Qxe4 21.Bxe4 Bb3
22.Bc2 Bxc2 23.Nxc2 Bxb2 24.Rxd8+ Rxd8 25.Rb1 Bd4 26.Nxd4 Rxd4 27.f3 Rxa4
28.Rxb7 a5 29.Ne4 Rc4 30.Kf2 a4 31.Rc7 Rc2 32.Ke3 a3 33.Rc8+ Kg7 34.Ra8 a2
{#R} 0-1

[Event "Tournament (open) \"]
[Site "masterchessopen.com Kstovo (Russia)"]
[Date "2009.06.25"]
[Round "6"]
[White "Gorozhanin Mikhail (RUS)"]
[Black "Volkov Alexander (RUS)"]
[Result "0-1"]
[WhiteElo "1826"]
[BlackElo "2106"]

1.d4 Nf6 2.Nf3 g6 3.g3 Bg7 4.Bg2 O-O 5.O-O d5 6.c4 dxc4 7.Na3 c6 8.Nxc4 Be6
9.Ncd2 h6 10.e4 Nbd7 11.Qc2 Nb6 12.b3 Ne8 13.Bb2 Nd6 14.a4 a5 15.Rfe1 Rc8
16.Rac1 Nd7 17.h3 b5 18.Ba1 Nb6 19.Bf1 Nb7 20.Kh2 bxa4 21.bxa4 Qd7 22.Rb1 Na8
23.Ba6 Rb8 24.Rec1 Nd6 {#R} 0-1

[Event "It (open) \"]
[Site "masterchessopen.com Jyvaskyla (Finland)"]
[Date "2009.07.08"]
[Round "2"]
[White "Pohjala Henri (FIN)"]
[Black "Novik Maxim (RUS)"]
[Result "0-1"]
[WhiteElo "2135"]
[BlackElo "2470"]

1.d4 Nf6 2.Nf3 g6 3.g3 Bg7 4.Bg2 O-O 5.O-O d5 6.c4 dxc4 7.Nbd2 b5 8.b3 c3
9.Nb1 b4 10.a3 c5 11.Ne1 Nd5 12.dxc5 Be6 13.e4 Nf4 14.Qxd8 Ne2+ 15.Kh1 Rxd8
16.Be3 Nc6 17.e5 Bd5 18.Bxd5 Rxd5 19.Ra2 Rd1 20.Rxe2 Rxb1 21.axb4 Nxb4 22.Kg2
Bxe5 23.Nd3 Rxf1 24.Nxb4 Rb1 25.Nc6 Bf6 26.b4 a6 27.Kf3 Rc8 {#R} 0-1

[Event "Memorial M.Najdorf (open)"]
[Site "masterchessopen.com Warsaw (Poland)"]
[Date "2009.07.19"]
[Round "2"]
[White "Paterek Michal (POL)"]
[Black "Romanishin Oleg M (UKR)"]
[Result "0-1"]
[WhiteElo "2302"]
[BlackElo "2503"]

1.d4 d5 2.Nf3 Nf6 3.g3 g6 4.Bg2 Bg7 5.O-O O-O 6.c4 dxc4 7.Na3 Nc6 8.Nxc4 Be6
9.Nce5 Bd5 10.Bf4 a5 11.Rc1 a4 12.Nxc6 bxc6 13.a3 Qb8 14.Qc2 Qb7 15.Ne1 Bxg2
16.Nxg2 Rfb8 17.Qxc6 Qxc6 18.Rxc6 Rxb2 19.Rxc7 Nd5 20.Rd7 e6 21.e3 Bf8 22.Be5
f6 23.Bd6 Nb6 24.Bxf8 Nxd7 25.Bd6 Rc8 26.Nf4 Rb3 27.Rd1 Kf7 28.Kg2 Rc2 29.Nd3
Nb6 30.e4 Nc4 31.e5 Ne3+ {#R} 0-1

[Event "It (open)"]
[Site "masterchessopen.com Pardubice (Czech Republic)"]
[Date "2009.07.29"]
[Round "6"]
[White "Teske Henrik (GER)"]
[Black "Popilski Gil (ISR)"]
[Result "0-1"]
[WhiteElo "2536"]
[BlackElo "2392"]

1.d4 Nf6 2.c4 g6 3.g3 d5 4.Nf3 Bg7 5.Bg2 O-O 6.O-O dxc4 7.Na3 Nc6 8.Nxc4 Be6
9.b3 Bd5 10.Bb2 a5 11.Rc1 a4 12.bxa4 Ra6 13.Nfe5 Bxg2 14.Kxg2 Qa8 15.Nxc6 bxc6
16.a5 c5+ 17.Kg1 Rd8 18.e3 cxd4 19.exd4 Ne4 20.Qg4 h5 21.Qf4 Rf6 22.Qe3 Re6
23.Rfd1 Rd5 24.Ne5 Rxa5 25.Rxc7 Rxa2 26.Qb3 Bxe5 27.dxe5 Ng5 28.Rb7 Kh7
29.Rdd7 Qa5 30.Bc3 Qa6 31.Bb2 Qe2 32.Kg2 Qe4+ 33.Kf1 Rxe5 {#R} 0-1

[Event "Ch Great Britain (Major Open)"]
[Site "masterchessopen.com Torquay (England)"]
[Date "2009.08.01"]
[Round "6"]
[White "Lalic Peter"]
[Black "Fryer David William (ENG)"]
[Result "1-0"]
[WhiteElo "1887"]
[BlackElo "2077"]

1.Nf3 Nf6 2.g3 g6 3.Bg2 Bg7 4.O-O O-O 5.d4 d5 6.c4 dxc4 7.Na3 c3 8.bxc3 c5
9.Nc4 Nc6 10.Bb2 Bf5 11.Nfe5 Nxe5 12.Nxe5 Qb6 13.Qb3 Qxb3 14.axb3 cxd4 15.cxd4
a5 16.Ba3 Rfe8 17.Bxb7 Ra7 18.Bg2 Be4 19.Bc5 Raa8 20.Nc6 Bxg2 21.Kxg2 Ne4
22.Rxa5 Rxa5 23.Nxa5 Nxc5 24.dxc5 Bc3 25.Nc6 e5 26.b4 Re6 27.b5 Kf8 28.b6 {#r}
1-0

[Event "It \"]
[Site "masterchessopen.com Uxbridge (England)"]
[Date "2009.08.14"]
[Round "5"]
[White "Panchanathan Magesh Chandran (IND)"]
[Black "Kilpatrick Callum (ENG)"]
[Result "0-1"]
[WhiteElo "2493"]
[BlackElo "2226"]

1.Nf3 Nf6 2.g3 g6 3.Bg2 Bg7 4.O-O O-O 5.d4 d5 6.c4 dxc4 7.Na3 c3 8.bxc3 c5
9.Ne5 Nc6 10.Nac4 Nd5 11.Bb2 Be6 12.Nxc6 bxc6 13.Qc1 Rb8 14.Rd1 Qc8 15.e4 Nc7
16.Ne3 Qa6 17.a4 Rfd8 18.Rd2 Bb3 19.a5 e5 20.dxe5 Ne6 21.Ng4 Rxd2 22.Qxd2 Rd8
23.Qc1 Rd1+ 24.Qxd1 Bxd1 25.Rxd1 Qe2 26.Ne3 Qxb2 27.Bh3 Bxe5 28.Bxe6 fxe6
29.Rd8+ Kf7 30.Rd7+ Ke8 31.Rxa7 Qb1+ 32.Nf1 Bxc3 33.a6 Bd4 34.Ra8+ Ke7 35.a7
Qb7 {#R} 0-1

[Event "It (open)"]
[Site "masterchessopen.com Rewal (Poland)"]
[Date "2009.08.21"]
[Round "2"]
[White "Krajewicz Pawel (POL)"]
[Black "Janaszak Dawid (POL)"]
[Result "0-1"]
[WhiteElo "1980"]
[BlackElo "2312"]

1.d4 Nf6 2.Nf3 g6 3.g3 Bg7 4.Bg2 O-O 5.O-O d5 6.c4 dxc4 7.Qc2 a6 8.a4 Nc6
9.Qxc4 Be6 10.Qc2 Nxd4 11.Nxd4 Qxd4 12.Bxb7 Rab8 13.Bxa6 Nd5 14.e3 Nb4 15.Qe2
Qc5 16.Nc3 Nxa6 17.Qxa6 Bc4 18.Nb5 Bxf1 19.Kxf1 Qc4+ 20.Kg2 c6 21.Nc7 Qe4+
22.f3 Qc2+ 23.Kh3 Qf5+ 24.Kg2 Bxb2 {#R} 0-1

[Event "Ch Montenegro (team) (Premier League)"]
[Site "masterchessopen.com Cetinje (Montenegro)"]
[Date "2009.08.24"]
[Round "4"]
[White "Drasko Milan (MNE)"]
[Black "Ceranic Miodrag (MNE)"]
[Result "1-0"]
[WhiteElo "2527"]
[BlackElo "2171"]

1.Nf3 Nf6 2.g3 g6 3.Bg2 Bg7 4.O-O O-O 5.d4 d5 6.c4 dxc4 7.Na3 c6 8.Nxc4 Nbd7
9.b3 Nb6 10.Nce5 Nbd5 11.Bb2 a5 12.a3 Bf5 13.Nd2 Be6 14.e4 Nb6 15.Rc1 Nfd7
16.Nd3 f5 17.Nf4 Bf7 18.exf5 gxf5 19.Qe2 Kh8 20.Rfe1 Nc8 21.Nf3 Bxb3 22.d5
Bxd5 23.Bxg7+ Kxg7 24.Ng5 {#r} 1-0

[Event "It (open) \"]
[Site "masterchessopen.com Nuernberg (Germany)"]
[Date "2009.09.03"]
[Round "1"]
[White "Schloetterer Hermann (GER)"]
[Black "Pribyl Josef (CZE)"]
[Result "0-1"]
[WhiteElo "1977"]
[BlackElo "2372"]

1.d4 Nf6 2.g3 d5 3.Bg2 g6 4.Nf3 Bg7 5.O-O O-O 6.c4 dxc4 7.Na3 Nc6 8.Nxc4 Be6
9.b3 a5 10.Ng5 Bxc4 11.bxc4 Qxd4 12.Ba3 Qxc4 13.Rc1 Qxa2 14.Bxc6 bxc6 15.Qa4
Nd5 16.Rc2 Nc3 17.Rxa2 Nxa4 18.Bxe7 Rfe8 19.Rxa4 Rxe7 20.Rc1 Bh6 21.Rc5 Rxe2
22.Ne4 Bf8 23.Rxc6 Bb4 24.Nf6+ Kg7 25.Nd5 Rb8 26.Rxc7 Rb5 27.Ne3 Bd6 28.Ra7
Rb1+ 29.Kg2 Bc5 30.R7xa5 Bxe3 31.Kf3 Rxf2+ 32.Kxe3 Rxh2 33.Ra7 Rb3+ 34.Kf4
Rf2+ 35.Kg4 Rg2 {#R} 0-1

[Event "It (open) \"]
[Site "masterchessopen.com Nuernberg (Germany)"]
[Date "2009.09.05"]
[Round "5"]
[White "Safyanovsky Mark (GER)"]
[Black "Frey Alisa (GER)"]
[Result "1-0"]
[WhiteElo "2302"]
[BlackElo "2008"]

1.d4 Nf6 2.Nf3 g6 3.g3 Bg7 4.Bg2 O-O 5.c4 d5 6.O-O dxc4 7.Na3 c5 8.Nxc4 Be6
9.Nfe5 Nc6 10.dxc5 Qc7 11.Nxc6 bxc6 12.Qa4 Bd5 13.Bf4 Qb7 14.Be5 Nd7 15.Bxg7
Kxg7 16.Na5 Qc7 17.b4 Rab8 18.e4 Be6 19.Qxc6 Qe5 20.a3 Rfc8 21.Qa4 Qc3 22.Rac1
Qb2 23.Nc4 Qa2 24.Ne3 a5 25.c6 Nf6 26.b5 Qd2 27.Rfd1 Qb2 28.Rb1 Qa2 29.b6 Ne8
30.e5 Kg8 31.Qxa5 {#r} 1-0

[Event "It (cat.2)"]
[Site "masterchessopen.com Zdar nad Sazavou (Czech Republic)"]
[Date "2009.10.02"]
[Round "8"]
[White "Heinzel Olaf (GER)"]
[Black "Bartos Jan (CZE)"]
[Result "1-0"]
[WhiteElo "2340"]
[BlackElo "2197"]

1.d4 Nf6 2.Nf3 g6 3.g3 d5 4.Bg2 Bg7 5.O-O O-O 6.c4 dxc4 7.Ne5 Ng4 8.Nxg4 Bxg4
9.Bxb7 Nd7 10.Bxa8 Qxa8 11.f3 Bh3 12.Rf2 Rd8 13.Nc3 Ne5 14.Be3 Nc6 15.Qa4 Nxd4
16.Rd1 Nf5 17.Bc5 Bh6 18.e4 Rxd1+ 19.Qxd1 Nd6 20.Nd5 Qd8 21.e5 e6 22.Nf6+ Kg7
23.exd6 Kxf6 24.Qd4+ {#r} 1-0

[Event "Ch Europe (team)"]
[Site "masterchessopen.com Novi Sad (Serbia)"]
[Date "2009.10.22"]
[Round "1"]
[White "Fridman Daniel (GER)"]
[Black "Nedev Trajce (MKD)"]
[Result "1-0"]
[WhiteElo "2665"]
[BlackElo "2508"]

1.Nf3 Nf6 2.g3 g6 3.Bg2 Bg7 4.O-O d5 5.d4 O-O 6.c4 dxc4 7.Na3 c3 8.bxc3 c5
9.Ne5 Nd5 10.Bb2 Nc6 11.Qb3 cxd4 12.cxd4 Be6 13.Rfd1 Na5 14.Qd3 Rc8 15.Qd2 f5
16.Rac1 Qb6 17.Rc5 Bxe5 18.Rxa5 Rfd8 19.Rb5 Qa6 20.dxe5 Nc3 21.Qxd8+ Rxd8
22.Rxd8+ Kf7 23.Bxb7 Qa4 24.Bxc3 Qxa3 25.Bd2 Qxa2 26.Bf3 {#r} 1-0

[Event "It (open) \"]
[Site "masterchessopen.com Belgrade (Serbia)"]
[Date "2009.11.26"]
[Round "3"]
[White "Sanchez Guirado Francisco (ESP)"]
[Black "Szabo Gergely-Andras-Gyula (ROM)"]
[Result "0-1"]
[WhiteElo "2393"]
[BlackElo "2530"]

1.Nf3 Nf6 2.d4 g6 3.c4 Bg7 4.g3 O-O 5.Bg2 d5 6.O-O dxc4 7.Na3 Nc6 8.Nxc4 Be6
9.b3 a5 10.Bb2 Bd5 11.Rc1 a4 12.bxa4 Ra6 13.Ne1 Bxg2 14.Nxg2 Qa8 15.a5 Rd8
16.Qb3 Nxd4 17.Bxd4 Rxd4 18.Rfd1 Ne4 19.Nge3 Rxd1+ 20.Qxd1 Nc3 21.Qd2 b5
22.Nb2 Rd6 23.Qe1 Qxa5 24.a4 Rc6 25.Ra1 Ra6 26.Qd2 Ra8 {#R} 0-1

[Event "Ch Gipuzkoa"]
[Site "masterchessopen.com Zarautz (Spain)"]
[Date "2009.11.28"]
[Round "6"]
[White "D Anna Razzetti Juan Pablo (ESP)"]
[Black "Goni Garmendia Aitor (ESP)"]
[Result "1-0"]
[WhiteElo "1818"]
[BlackElo "1847"]

1.d4 Nf6 2.c4 g6 3.Nf3 Bg7 4.g3 O-O 5.Bg2 d5 6.O-O dxc4 7.Nbd2 c6 8.Nxc4 Nbd7
9.Bf4 Nd5 10.Bd2 b5 11.Nce5 Nxe5 12.Nxe5 Bb7 13.e4 Bxe5 14.exd5 Bxd4 15.dxc6
Ba6 16.c7 Qxc7 17.Bf4 Qb6 18.Bh6 Rfd8 19.Bxa8 Bxf2+ 20.Rxf2 Rxd1+ 21.Rxd1 f5
22.Rd7 Kf7 23.Bg5 Ke6 24.Rxe7+ Kd6 25.Kg2 Qa5 26.Rxh7 Qe1 27.b4 f4 28.Bxf4+
Ke6 29.Bg5 {#r} 1-0

[Event "It \"]
[Site "masterchessopen.com Nizhnij Tagil (Russia)"]
[Date "2009.12.15"]
[Round "13"]
[White "Orekhov Evgeny (RUS)"]
[Black "Kornev Alexander (KAZ)"]
[Result "1-0"]
[WhiteElo "2474"]
[BlackElo "2306"]

1.Nf3 Nf6 2.d4 g6 3.g3 Bg7 4.Bg2 O-O 5.O-O d5 6.c4 dxc4 7.Na3 c3 8.bxc3 c5
9.Ne5 Nbd7 10.Nxd7 Nxd7 11.Rb1 Nb6 12.dxc5 Qxd1 13.Rxd1 Na4 14.Bxb7 Bxb7
15.Rxb7 Nxc3 16.Rd2 Rfc8 17.Nb5 Rxc5 18.Nxc3 Bxc3 19.Rdd7 Bf6 20.Ba3 Rc2
21.Bxe7 Bxe7 22.Rxe7 Rf8 23.Rxa7 h5 24.h4 Kg7 25.Kg2 Kf6 26.a4 Ra2 27.e4 {#r}
1-0

[Event "Memorial Revolutiei"]
[Site "masterchessopen.com Romania"]
[Date "2009.12.20"]
[Round "8"]
[White "Cioara Andrei Nestor (ROM)"]
[Black "Burnoiu Nicolae-Costel (ROM)"]
[Result "1-0"]
[WhiteElo "2421"]
[BlackElo "2411"]

1.d4 Nf6 2.c4 g6 3.Nf3 Bg7 4.g3 d5 5.Bg2 O-O 6.O-O dxc4 7.Na3 c3 8.bxc3 c5
9.e3 Nc6 10.Bb2 Bf5 11.Nc4 Rc8 12.Qe2 b5 13.Nce5 Nxe5 14.Nxe5 cxd4 15.cxd4 Rc2
16.Qxb5 Qc7 17.Ba3 Rb8 18.Qa4 Ne4 19.Rac1 Rxc1 20.Rxc1 Nc3 21.Qc6 Bxe5 22.Qxc3
Qxc3 23.Rxc3 Bd6 24.h3 Be6 25.Bxd6 exd6 26.d5 Bd7 27.Rc7 Rb1+ 28.Kh2 Bb5
29.Rxa7 Bc4 30.Ra4 Rc1 31.Ra8+ Kg7 32.Rc8 {#r} 1-0

[Event "Oberliga East B 2009/10"]
[Site "masterchessopen.com Germany"]
[Date "2010.01.23"]
[Round "6"]
[White "Hoehn Michael (GER)"]
[Black "Schaefer Michael (GER)"]
[Result "0-1"]
[WhiteElo "2110"]
[BlackElo "2215"]

1.Nf3 d5 2.g3 Nf6 3.Bg2 g6 4.O-O Bg7 5.d4 O-O 6.c4 dxc4 7.Na3 Nc6 8.Nxc4 Be6
9.b3 h6 10.Bb2 Qc8 11.Nfe5 Nxe5 12.Nxe5 Rd8 13.Qc2 a5 14.Rac1 c6 15.Rfd1 a4
16.bxa4 Bxa2 17.Nd3 Bd5 18.f3 Qb8 19.Nf4 g5 20.Nxd5 Nxd5 21.Qb3 Qa7 22.Rc4 Rd7
23.Ba3 b5 24.Rxc6 Bxd4+ 25.Kh1 Qxa4 26.Qd3 Nf6 27.Bh3 g4 28.Bxg4 Nxg4 29.fxg4
Qxa3 30.Qf5 Rd6 31.Rc7 Qb3 32.Rb1 Qxb1+ 33.Qxb1 Ra1 {#R} 0-1

[Event "Memorial Kichigin (open)"]
[Site "masterchessopen.com Kstovo (Russia)"]
[Round "2"]
[White "Zaitsev Dmitry A (RUS)"]
[Black "Patkina Ekaterina (RUS)"]
[Result "1-0"]
[WhiteElo "2212"]
[BlackElo "1954"]

1.Nf3 Nf6 2.g3 g6 3.Bg2 Bg7 4.d4 O-O 5.O-O d5 6.c4 dxc4 7.Ne5 c6 8.Nxc4 Be6
9.Qd3 Na6 10.a3 Nc7 11.e4 Qc8 12.Rd1 Rd8 13.Nc3 Ng4 14.Ne2 Nb5 15.d5 cxd5
16.exd5 Qc5 17.Be3 Nxe3 18.Nxe3 Qb6 19.Nc4 Qa6 20.Rac1 Rd7 21.Ne3 Rad8 22.Nf4
Bh6 23.Qb1 Bf5 24.Nxf5 gxf5 25.Qxf5 Nd6 26.Qh5 Ne8 27.Rc3 Bg7 28.Rf3 Nf6
29.Qg5 Qa4 {#r} 1-0

[Event "Verbandsklasse A Muensterland 2009/10"]
[Site "masterchessopen.com Germany"]
[Date "2010.03.06"]
[Round "5"]
[White "Fehlings Gerd"]
[Black "Klueppel Ralf"]
[Result "1-0"]
[WhiteElo "1722"]
[BlackElo "1714"]

1.d4 Nf6 2.Nf3 g6 3.g3 Bg7 4.Bg2 d5 5.O-O O-O 6.c4 dxc4 7.Qa4 Nfd7 8.Qxc4 Nc6
9.e3 Nb6 10.Qe2 e5 11.Nxe5 Nxe5 12.dxe5 Bxe5 13.f4 Bg7 14.Nc3 c6 15.e4 Be6
16.Rd1 Qe7 17.e5 Bc4 18.Qf2 f6 19.exf6 Bxf6 20.Be3 Qc7 21.Bd4 Rad8 22.Bxf6
Rxf6 23.Rxd8+ Qxd8 24.Rd1 Rd6 25.Rxd6 Qxd6 26.b3 Be6 27.Be4 Qb4 28.Qe3 Qd6
29.Bc2 Bf7 30.f5 Kg7 31.Ne4 Nd5 32.Qd4+ {#r} 1-0

[Event "Ch Schleswig Holstein (seniors)"]
[Site "masterchessopen.com Buesum (Germany)"]
[Date "2010.04.02"]
[Round "9"]
[White "Lomer Edmund (GER)"]
[Black "Meinke Dietlind (GER)"]
[Result "1-0"]
[WhiteElo "2124"]
[BlackElo "1906"]

1.Nf3 Nf6 2.g3 g6 3.Bg2 Bg7 4.O-O d5 5.d4 O-O 6.c4 dxc4 7.Na3 Na6 8.Nxc4 Be6
9.b3 c5 10.Bb2 Bd5 11.Rc1 b6 12.Re1 Rc8 13.dxc5 Nxc5 14.Be5 Ng4 15.Bxg7 Kxg7
16.Bh3 Be6 17.Nd4 Bd7 18.Bxg4 Bxg4 19.Ne5 Bh3 20.Qd2 Qd6 21.Qe3 f6 22.Nc4 Qd7
23.Red1 Qb7 24.f3 Rcd8 25.b4 e5 26.Nb5 Nd7 27.Ncd6 Qb8 28.Nc7 Rf7 29.Nxf7 Kxf7
30.Qb3+ Ke7 31.g4 Nf8 32.Nd5+ {#r} 1-0

[Event "Oberliga East B 2009/10"]
[Site "masterchessopen.com Germany"]
[Date "2010.04.11"]
[Round "11"]
[White "Jacobi Robin (GER)"]
[Black "Henrich Thomas (GER)"]
[Result "1-0"]
[WhiteElo "2066"]
[BlackElo "2224"]

1.Nf3 d5 2.g3 Nf6 3.Bg2 g6 4.O-O Bg7 5.d4 O-O 6.c4 dxc4 7.Na3 c3 8.bxc3 c5
9.Ne5 Nbd7 10.Rb1 cxd4 11.cxd4 Nb6 12.e4 Bd7 13.Be3 Ba4 14.Qd2 Nfd7 15.Nec4
Nxc4 16.Nxc4 Rc8 17.Rfc1 b6 18.f4 e6 19.e5 b5 20.Nd6 Rxc1+ 21.Rxc1 Nb6 22.Rc5
Nd7 23.Rc8 Qe7 24.Rc7 Qd8 25.Rxa7 Nb6 26.d5 Qb8 27.Rb7 {#r} 1-0

[Event "Ch Colombia (1/2 final)"]
[Site "masterchessopen.com Medellin (Colombia)"]
[Date "2010.06.13"]
[Round "11"]
[White "Garavito Miguel (COL)"]
[Black "Gallego Andres (COL)"]
[Result "0-1"]
[WhiteElo "2239"]
[BlackElo "2384"]

1.d4 Nf6 2.c4 g6 3.Nf3 Bg7 4.g3 O-O 5.Bg2 d5 6.O-O dxc4 7.Na3 c3 8.bxc3 c5
9.Nc4 Be6 10.Nce5 Bd5 11.e3 Nbd7 12.Qe2 Nxe5 13.Nxe5 Bxg2 14.Kxg2 Qd5+ 15.f3
cxd4 16.exd4 Nd7 17.Nxd7 Qxd7 18.Rb1 Rac8 19.Rb3 Rc6 20.Qb5 b6 21.Re1 e6
22.Re4 Rd8 23.a4 Qc8 24.Bd2 Rd5 25.Qd3 Rc4 26.Rb5 Qc6 27.Rb2 Rxa4 28.h3 h5
{#R} 0-1